Literárne profily [Nurpeisov, Abdidžamil]

Bibliographic Details
Main Author: Tataurov, Pjotr (Author)
Format: Article
Language:Slovak
PhysicalDescription:Fot. 1.
Subjects:

MARC

LEADER 00000nab a2200000 a 4500
001 vtls000020699
003 SK-MaSNL
005 20260303031525.0
008 160211c1979 xo 0 slo
015 |a SNBRB19rr/mm-uuuuu 
035 |a CL0030793 
040 |a SNKBUCL  |b slo  |c SNKBUCL  |e AACR2 
041 0 |a slo 
044 |a xo  |c SK 
080 |a 82(091):894.342"19":92  |2 1981 
080 |a 894.342"19"  |2 1981 
080 |a 894.342(091)"19"  |2 1981 
080 |a 92 Nurpeisov, Abdidžamil  |2 1981 
100 1 |a Tataurov, Pjotr  |4 aut  |9 1013714 
245 1 0 |a Literárne profily  |b [Nurpeisov, Abdidžamil]  |c Pjotr Tataurov 
300 |b Fot. 1. 
600 1 7 |a Nurpejisov, Äbdižämil,  |d 1924-  |2 snkbucl  |9 7533 
650 0 7 |a kazašskí spisovatelia  |2 snkbucl  |9 181013 
655 7 |a články z novín a časopisov  |2 snkbucl  |9 267496 
655 7 |a články z odboru literárna veda a krásna literatúra  |2 snkbucl  |9 770045 
773 0 |t Nedeľná Pravda  |g Roč. 12, č. 2 (1979), s. 20 
850 |a Slovenská národná knižnica v Martine  |a MTA001 
852 |a SNK  |b KIS3GCP 
958 |a RK 
958 |a LX 
992 |a RBX 
999 |c 1658613  |d 1660543